| 000 | 01249nam a2200373 a 4500 | ||
|---|---|---|---|
| 008 | 030115s2002 xo a g 0010yyslo c | ||
| 020 |
_a8055102341 _c374 |
||
| 040 |
_aSNK _bslo _cSNK _eAACR2 |
||
| 041 | 1 |
_aslo _heng |
|
| 044 |
_axo _cSK |
||
| 072 | 7 |
_a613 _2SNK |
|
| 080 | _a613.95-053.3/.4(035) | ||
| 080 | _a316.346.32-053.2 | ||
| 080 | _a613.952/.954 | ||
| 080 | _a613.95 | ||
| 080 | _a(035) | ||
| 100 | 1 |
_aCooper, Carol _d1951- _4aut |
|
| 240 | 1 | 0 |
_aThe baby & child question & answer book _lSlovensky |
| 245 | 1 | 0 |
_aDieťa: otázky a odpovede _cCarol Cooperová ; [z anglického originálu preložila Veronika Červená] |
| 250 | _a[1. vyd.] | ||
| 260 |
_aBratislava _bIkar _c2002 |
||
| 300 |
_a240 s. _bfareb. fotogr. _c24 cm |
||
| 500 | _aRozlož. fotogr. na tit. strane | ||
| 500 | _aÚdaj o prekl. prevzatý z rubu tit. strany | ||
| 504 | _aReg. | ||
| 650 | 0 | 7 |
_adeti _xstarostlivosť _xpríručky _2SNK |
| 650 | 0 | 7 |
_adetí _2SNK |
| 650 | 0 | 7 |
_astarostlivosť o dieťa _2SNK |
| 650 | 0 | 7 |
_azdravie a hygiena detí _2SNK |
| 650 | 0 | 7 |
_aHygiena. Ľudské zdravie _2SNK |
| 700 | 1 |
_aČervená, Veronika _4trl |
|
| 730 | _tThe baby & child question & answer book | ||
| 765 | 0 |
_tThe baby & child question & answer book _aCooper, Carol |
|
| 999 |
_c19903 _d19903 |
||